Associez ces villes aléatoires à leur département - Statistiques

Statistiques générales
  • Ce quiz a été pris 24 006 fois
  • Le résultat moyen est 10 sur 20
Statistiques - réponses
Ville Département % Correct
Brest Finistère
90%
Marseille Bouches-du-Rhône
89%
Lille Nord
89%
Paris Paris
89%
Bastia Haute-Corse
88%
Bordeaux Gironde
87%
Dunkerque Nord
86%
Ajaccio Corse-du-Sud
85%
Lyon Rhône
85%
Strasbourg Bas-Rhin
84%
Bonifacio Corse-du-Sud
84%
Fort-de-France Martinique
84%
Porto-Vecchio Corse-du-Sud
83%
Saint-Denis Seine-Saint-Denis | La Réunion
83%
Montpellier Hérault
82%
Calais Pas-de-Calais
82%
Toulon Var
82%
Nice Alpes-Maritimes
81%
Aix-en-Provence Bouches-du-Rhône
81%
Annecy Haute-Savoie
81%
Villeurbanne Rhône
81%
Quimper Finistère
79%
Nantes Loire-Atlantique
79%
Saint-Tropez Var
79%
Roubaix Nord
78%
Caen Calvados
77%
Grenoble Isère
77%
Courchevel Savoie
77%
Belfort Territoire de Belfort
77%
Versailles Yvelines
77%
Chamonix Haute-Savoie
76%
Tourcoing Nord
76%
Chambéry Savoie
76%
Cannes Alpes-Maritimes
75%
Arcachon Gironde
75%
Basse-Terre Guadeloupe
75%
Cayenne Guyane
75%
Lorient Morbihan
75%
Arras Pas-de-Calais
75%
Corbeil-Essonnes Essonne
74%
Nîmes Gard
74%
Pointe-à-Pitre Guadeloupe
74%
Colmar Haut-Rhin
74%
Mulhouse Haut-Rhin
74%
Saint-Etienne Loire
74%
Vannes Morbihan
74%
Biarritz Pyrénées-Atlantiques
74%
Le Havre Seine-Maritime
74%
Saint-Dié-des-Vosges Vosges
74%
La Rochelle Charente-Maritime
73%
Dijon Côte-d'Or
73%
Rennes Ille-et-Vilaine
73%
Lens Pas-de-Calais
73%
Perpignan Pyrénées-Orientales
73%
Saint-Nazaire Loire-Atlantique
72%
Le Mont-Saint-Michel Manche
72%
Mamoudzou Mayotte
72%
Metz Moselle
72%
Les Sables-d'Olonne Vendée
72%
Calvi Haute-Corse
71%
Thonon-les-Bains Haute-Savoie
71%
Mayenne Mayenne
71%
Le Mans Sarthe
71%
Rouen Seine-Maritime
71%
Clermont-Ferrand Puy-de-Dôme
70%
Bayonne Pyrénées-Atlantiques
70%
Fréjus Var
70%
Hyères Var
70%
La Roche-sur-Yon Vendée
70%
Saint-Brieuc Côtes-d'Armor
69%
Toulouse Haute-Garonne
69%
Villeneuve-sur-Lot Lot-et-Garonne
69%
Valenciennes Nord
69%
Molsheim Bas-Rhin
68%
Sète Hérault
68%
Albertville Savoie
68%
Amiens Somme
68%
Bourg-en-Bresse Ain
67%
Antibes Alpes-Maritimes
67%
La Ciotat Bouches-du-Rhône
67%
Tulle Corrèze
67%
Guingamp Côtes-d'Armor
67%
Kourou Guyane
67%
Béziers Hérault
67%
Saint-Malo Ille-et-Vilaine
67%
Orléans Loiret
67%
Angers Maine-et-Loire
67%
Cherbourg-en-Cotentin Manche
67%
Nancy Meurthe-et-Moselle
67%
Douai Nord
67%
Pau Pyrénées-Atlantiques
67%
Bobigny Seine-Saint-Denis
67%
Avignon Vaucluse
67%
Bar-sur-Aube Aube
66%
Besançon Doubs
66%
Valence Drôme
66%
Evian-les-Bains Haute-Savoie
66%
Agde Hérault
66%
Salon-de-Provence Bouches-du-Rhône
65%
Concarneau Finistère
65%
Limoges Haute-Vienne
65%
Albi Tarn
65%
Créteil Val-de-Marne
65%
Menton Alpes-Maritimes
64%
Propriano Corse-du-Sud
64%
Boulogne-Billancourt Hauts-de-Seine
64%
Laval Mayenne
64%
Beauvais Oise
64%
Boulogne-sur-Mer Pas-de-Calais
64%
Aubervilliers Seine-Saint-Denis
64%
Nanterre Hauts-de-Seine
63%
Neuilly-sur-Seine Hauts-de-Seine
63%
Saint-Lô Manche
63%
Marne-la-Vallée-Chessy Seine-et-Marne
63%
Etretat Seine-Maritime
63%
Aulnay-sous-Bois Seine-Saint-Denis
63%
Bondy Seine-Saint-Denis
63%
Orange Vaucluse
63%
Auxerre Yonne
63%
Saint-Pierre-d'Oléron Charente-Maritime
62%
Tours Indre-et-Loire
62%
Quiberon Morbihan
62%
Chalon-sur-Saône Saône-et-Loire
62%
Orly Val-de-Marne
62%
Noirmoutier-en-l'Ile Vendée
62%
Poitiers Vienne
62%
Moulins Allier
61%
Grasse Alpes-Maritimes
61%
Carcassonne Aude
61%
Martigues Bouches-du-Rhône
61%
Evry-Courcouronnes Essonne
61%
Pessac Gironde
61%
Levallois-Perret Hauts-de-Seine
61%
Melun Seine-et-Marne
61%
Epinal Vosges
61%
Charleville-Mézières Ardennes
60%
Rodez Aveyron
60%
Arles Bouches-du-Rhône
60%
Deauville Calvados
60%
Aurillac Cantal
60%
Niort Deux-Sèvres
60%
Gap Hautes-Alpes
60%
Dax Landes
60%
Mont-de-Marsan Landes
60%
Dieppe Seine-Maritime
60%
Vincennes Val-de-Marne
60%
Cergy Val-d'Oise
60%
Mantes-la-Jolie Yvelines
60%
Angoulême Charente
59%
Périgueux Dordogne
59%
Evreux Eure
59%
Mérignac Gironde
59%
Saint-Pierre Martinique | La Réunion
59%
Dzaoudzi Mayotte
59%
Cambrai Nord
59%
Compiègne Oise
59%
Vénissieux Rhône
59%
Pontoise Val-d'Oise
59%
Lamballe-Armor Côtes-d'Armor
58%
Bergerac Dordogne
58%
Furiani Haute-Corse
58%
Guérande Loire-Atlantique
58%
Reims Marne
58%
Nevers Nièvre
58%
Saint-Germain-en-Laye Yvelines
58%
Sedan Ardennes
57%
Troyes Aube
57%
Aubagne Bouches-du-Rhône
57%
Bourges Cher
57%
Lourdes Hautes-Pyrénées
57%
Issy-les-Moulineaux Hauts-de-Seine
57%
Biscarosse Landes
57%
Verdun Meuse
57%
Argenteuil Val-d'Oise
57%
Privas Ardèche
56%
Narbonne Aude
56%
Saint-Emilion Gironde
56%
Altkirch Haut-Rhin
56%
Châteauroux Indre
56%
Blois Loir-et-Cher
56%
Châlons-en-Champagne Marne
56%
Le Touquet Pas-de-Calais
56%
Fontainebleau Seine-et-Marne
56%
Montreuil Seine-Saint-Denis
56%
Vitry-sur-Seine Val-de-Marne
56%
Sarcelles Val-d'Oise
56%
Honfleur Calvados
55%
Libourne Gironde
55%
Corte Haute-Corse
55%
Cahors Lot
55%
Carnac Morbihan
55%
Volvic Puy-de-Dôme
55%
Rambouillet Yvelines
55%
Foix Ariège
54%
Millau Aveyron
54%
Royan Charente-Maritime
54%
Le-Puy-en-Velay Haute-Loire
54%
Antony Hauts-de-Seine
54%
Draguignan Var
54%
Vichy Allier
53%
Saintes Charente-Maritime
53%
Dinan Côtes-d'Armor
53%
Guéret Creuse
53%
Montélimar Drôme
53%
Fleury-Mérogis Essonne
53%
Alès Gard
53%
Auch Gers
53%
Annemasse Haute-Savoie
53%
Chambord Loir-et-Cher
53%
Alençon Orne
53%
Mâcon Saône-et-Loire
53%
Montauban Tarn-et-Garonne
53%
Brive-la-Gaillarde Corrèze
52%
Romans-sur-Isère Drôme
52%
Tarbes Hautes-Pyrénées
52%
Pornic Loire-Atlantique
52%
Argelès-sur-Mer Pyrénées-Orientales
52%
Aix-les-Bains Savoie
52%
Meaux Seine-et-Marne
52%
Saint-Quentin Aisne
51%
Cagnes-sur-Mer Alpes-Maritimes
51%
Cognac Charente
51%
Istres Bouches-du-Rhône
50%
Chartres Eure-et-Loir
50%
Saint-Louis Haut-Rhin | La Réunion
50%
Lons-le-Saunier Jura
50%
Mende Lozère
50%
Thionville Moselle
50%
Villefranche-sur-Saône Rhône
50%
Champigny-sur-Marne Val-de-Marne
50%
Roissy-en-France Val-d'Oise
50%
La Seyne-sur-Mer Var
50%
Laon Aisne
49%
Rochefort Charente-Maritime
49%
Montbéliard Doubs
49%
Landerneau Finistère
49%
Dinard Ille-et-Vilaine
49%
Béthune Pas-de-Calais
49%
Nogent-sur-Marne Val-de-Marne
49%
Bayeux Calvados
48%
Palaiseau Essonne
48%
Agen Lot-et-Garonne
48%
Avranches Manche
48%
Castres Tarn
48%
Carpentras Vaucluse
48%
Morlaix Finistère
47%
Capbreton Landes
47%
Forbach Moselle
47%
Anglet Pyrénées-Atlantiques
47%
Saint-Jean-de-Maurienne Savoie
47%
Abbeville Somme
47%
Oyonnax Ain
46%
Lannion Côtes-d'Armor
46%
L'Ile-Rousse Haute-Corse
46%
Briançon Hautes-Alpes
46%
Roanne Loire
46%
Notre-Dame des Landes Loire-Atlantique
46%
Canet-en-Roussillon Pyrénées-Orientales
46%
Beaune Côte-d'Or
45%
Blagnac Haute-Garonne
45%
Le Tampon La Réunion
45%
Saint-Paul La Réunion
45%
Digne-les-Bains Alpes-de-Haute-Provence
44%
Lisieux Calvados
44%
Fougères Ille-et-Vilaine
44%
Granville Manche
44%
Chenonceau Indre-et-Loire
43%
Dole Jura
43%
Bar-le-Duc Meuse
43%
Chantilly Oise
43%
Barcelonnette Alpes-de-Haute-Provence
42%
Haguenau Bas-Rhin
42%
Uzès Gard
42%
Maripasoula Guyane
42%
Bagnères-de-Bigorre Hautes-Pyrénées
42%
Soissons Aisne
41%
Sarlat-la-Canéda Dordogne
41%
Les Abymes Guadeloupe
41%
Vienne Isère
41%
Montargis Loiret
41%
Montluçon Allier
40%
Etampes Essonne
40%
Saint-Herblain Loire-Atlantique
40%
La Flèche Sarthe
40%
Montignac-Lascaux Dordogne
39%
Pontarlier Doubs
39%
Vesoul Haute-Saône
39%
Vitré Ille-et-Vilaine
39%
Bourgoin-Jallieu Isère
39%
Echirolles Isère
39%
Rocamadour Lot
39%
Cholet Maine-et-Loire
39%
Fécamp Seine-Maritime
39%
Dreux Eure-et-Loir
38%
Amboise Indre-et-Loire
38%
Saumur Maine-et-Loire
38%
Sarreguemines Moselle
38%
Sablé Sarthe
38%
Sélestat Bas-Rhin
37%
Sochaux Doubs
37%
Chaumont Haute-Marne
37%
Lunel Hérault
37%
Vittel Vosges
37%
Sens Yonne
37%
Castelnaudary Aude
36%
Riom Puy-de-Dôme
36%
Gaillac Tarn
36%
Vierzon Cher
35%
Pithiviers Loiret
35%
Manosque Alpes-de-Haute-Provence
34%
Saint-Laurent-du-Maroni Guyane
34%
Epernay Marne
34%
Pontivy Morbihan
34%
Senlis Oise
34%
Aubenas Ardèche
33%
Oradour-sur-Glane Haute-Vienne
33%
Redon Ille-et-Vilaine
33%
Chinon Indre-et-Loire
33%
La Tour-du-Pin Isère
33%
Le Lamentin Martinique
33%
Meyzieu Rhône
33%
Provins Seine-et-Marne
33%
Conflans-Sainte-Honorine Yvelines
33%
Sisteron Alpes-de-Haute-Provence
32%
Annonay Ardèche
32%
Vallon-Pont-d'Arc Ardèche
32%
Morteau Doubs
32%
Condom Gers
32%
Saint-Dizier Haute-Marne
32%
Longwy Meurthe-et-Moselle
32%
Arromanches Calvados
31%
Issoire Puy-de-Dôme
31%
Castelsarrasin Tarn-et-Garonne
31%
Apt Vaucluse
31%
Nantua Ain
30%
Pamiers Ariège
30%
Toul Meurthe-et-Moselle
30%
Villefranche-de-Rouergue Aveyron
29%
Vendôme Loir-et-Cher
29%
Montcuq Lot
29%
Châtellerault Vienne
29%
Saint-Flour Cantal
28%
Sartène Corse-du-Sud
28%
Muret Haute-Garonne
28%
Embrun Hautes-Alpes
28%
Lodève Hérault
28%
Montbrison Loire
28%
La Trinité Martinique
28%
Thiers Puy-de-Dôme
28%
Château-Thierry Aisne
27%
Cosne-Cours-sur-Loire Nièvre
27%
Gex Ain
26%
Ussel Corrèze
26%
Issoudun Indre
26%
Pont-à-Mousson Meurthe-et-Moselle
26%
Bitche Moselle
26%
Le Creusot Saône-et-Loire
26%
Fontenay-le-Comte Vendée
26%
Bressuire Deux-Sèvres
25%
Parthenay Deux-Sèvres
25%
Vernon Eure
25%
Colombey-les-Deux-Eglises Haute-Marne
25%
Romorantin-Lanthenay Loir-et-Cher
25%
Oloron-Sainte-Marie Pyrénées-Atlantiques
25%
Limoux Aude
24%
Nyons Drôme
24%
Saint-Gaudens Haute-Garonne
24%
Saint-Chamond Loire
24%
Argentan Orne
24%
Montceaux-les-Mines Saône-et-Loire
24%
Bagnols-sur-Cèze Gard
23%
Marmande Lot-et-Garonne
23%
Le Marin Martinique
23%
Autun Saône-et-Loire
23%
Jarnac Charente
22%
La Souterraine Creuse
22%
Vitry-le-François Marne
22%
Saverne Bas-Rhin
21%
Aubusson Creuse
21%
Baie-Mahault Guadeloupe
21%
Segré Maine-et-Loire
21%
Château-Gontier Mayenne
21%
Château-Chinon Nièvre
21%
Albert Somme
21%
Moissac Tarn-et-Garonne
21%
Domrémy-la-Pucelle Vosges
21%
Avallon Yonne
21%
Yssingeaux Haute-Loire
20%
Bellac Haute-Vienne
20%
Florac-Trois-Rivières Lozère
20%
Prades Pyrénées-Orientales
20%
Saint-Girons Ariège
19%
Mauriac Cantal
19%
Bernay Eure
19%
Châteaudun Eure-et-Loir
19%
Péronne Somme
19%
Forcalquier Alpes-de-Haute-Provence
18%
Lure Haute-Saône
18%
Saint-André La Réunion
18%
Vézelay Yonne
18%
Gien Loiret
16%
Commercy Meuse
16%
Montmorillon Vienne
16%
Mirande Gers
15%
Noyon Oise
15%
Y Somme
15%
Givet Ardennes
11%
Delle Territoire de Belfort
10%
Rochefourchat Drôme
7%
Aucun quiz correspondant
Distribution des résultats
% des personnes avec chaque résultat
Percentile par nombre de réponses
Votre historique - résultats
Vous n’avez pas pris ce quiz